000 00665nam a2200205 a 4500
005 20140310183329.0
008 060815s19uu xx 00 eng d
020 _a0071415297
050 _aK 52.S6
_b.D335 2004
100 _aDahl, Henry Saint.
245 _aMcGraw-Hill's Spanish and English legal dictionary :
_bdiccionario Juridico Ingles-EspaƱol /
260 _aNew York :
_bMcGraw-Hill,
_c2004.
300 _a490 p. :
_c25 cm.
650 _aLaw
_xDictionaries.
650 _aLaw
_xDictionaries
_xSpanish.
650 _aEnglish
_xLanguage
_xDictinaries
_xSpanish.
650 _aSpanish Language
_xDictionaries
_xEnglish.
942 _cBK
_2lcc
999 _c21501
_d21501